Online
Catalog

Obras / : (Record no. 22724)

MARC details
000 -CABECERA
campo de control de longitud fija 01159nam a2200253 u 4500
001 - NÚMERO DE CONTROL
campo de control 000023227
005 - FECHA Y HORA DE LA ÚLTIMA TRANSACCIÓN
campo de control 20200930022055.0
008 - DATOS DE LONGITUD FIJA--INFORMACIÓN GENERAL
campo de control de longitud fija 101130s1969 mx a 001 0 spa d
040 ## - FUENTE DE LA CATALOGACIÓN
Centro catalogador/agencia de origen DO-SdBNP
Lengua de catalogación spa
Centro/agencia transcriptor BNPHU
082 ## - NÚMERO DE LA CLASIFICACIÓN DECIMAL DEWEY
Número de clasificación XXX
Número de documento/Ítem P217ó
049 ## - FONDOS LOCALES (OCLC)
Fondos de biblioteca BNGR
100 1# - ENTRADA PRINCIPAL--NOMBRE DE PERSONA
Nombre de persona Papini, Giovanni,
Fechas asociadas al nombre 1881-1956.
9 (RLIN) 47820
245 10 - MENCIÓN DE TÍTULO
Título Obras / :
Resto del título Giovanni Papini ; recopilación, prólogo y notas de José Miguel Velloso ; traducción de Armando Lázaro Ros, María del Carmen Cuadrado Vázquez y Luis Hernández Alfonso.
250 ## - MENCIÓN DE EDICIÓN
Mención de edición 2a ed.
260 ## - PUBLICACIÓN, DISTRIBUCIÓN, ETC.
Lugar de publicación, distribución, etc. México :
Nombre del editor, distribuidor, etc. Aguilar,
Fecha de publicación, distribución, etc. 1969.
300 ## - DESCRIPCIÓN FÍSICA
Extensión v. 6 :
Otras características físicas il. ;
Dimensiones 19 cm.
500 ## - NOTA GENERAL
Nota general La biblioteca posee le volumen 6.
504 ## - NOTA DE BIBLIOGRAFÍA, ETC.
Nota de bibliografía, etc. Incluye referencias bibliográficas y notas al pie de las páginas.
505 0# - NOTA DE CONTENIDO CON FORMATO
Título Religión: El Diablo. Polémica religiosa --
-- Política: Europa Occidental contra la "Mitteleuropa". La paga del sábado --
-- Arte y letras: La experiencia futurista Estudios breves.
700 1# - PUNTO DE ACCESO ADICIONAL--NOMBRE DE PERSONA
Nombre de persona Velloso, José Miguel,
Término indicativo de función/relación pról.
9 (RLIN) 47821
700 1# - PUNTO DE ACCESO ADICIONAL--NOMBRE DE PERSONA
Nombre de persona Lázaro Ros, Armando,
Término indicativo de función/relación tr.
9 (RLIN) 8957
700 1# - PUNTO DE ACCESO ADICIONAL--NOMBRE DE PERSONA
Nombre de persona Cuadrado Vázquez, María del Carmen,
Término indicativo de función/relación tr.
9 (RLIN) 47822
700 1# - PUNTO DE ACCESO ADICIONAL--NOMBRE DE PERSONA
Nombre de persona Hernández Alfonso, Luis,
Término indicativo de función/relación tr.
9 (RLIN) 47823
Holdings
Estado de retiro Estado de pérdida Restricciones de uso No para préstamo Código de colección Localización permanente Ubicación/localización actual Ubicación en estantería Fecha de adquisición Número de inventario Total de préstamos Signatura topográfica completa Código de barras Fecha visto por última vez Precio válido a partir de Tipo de ítem Koha
    Préstamo interno   Monografías: Libros y Folletos General General En catalogación 30.11.2010 LF1   XXX P217ó 23227-10 25.06.2020 25.06.2020 Préstamo interno

Powered by Koha